<?xml version="1.0" encoding="UTF-8"?>
<collection xmlns="http://www.loc.gov/MARC21/slim">
 <record>
  <leader>06890nam a2200337 a 4500</leader>
  <controlfield tag="001">kal4213</controlfield>
  <controlfield tag="003">Gr-AtHEAL</controlfield>
  <controlfield tag="005">20160427191518.0</controlfield>
  <controlfield tag="006">m        d        </controlfield>
  <controlfield tag="008">160413s2015    gr      s           gre|c</controlfield>
  <datafield tag="020" ind1=" " ind2=" ">
   <subfield code="a">9789606034077</subfield>
  </datafield>
  <datafield tag="040" ind1=" " ind2=" ">
   <subfield code="a">GR-AtHEAL</subfield>
   <subfield code="b">gre</subfield>
   <subfield code="c">GR-AtHEAL</subfield>
  </datafield>
  <datafield tag="082" ind1="0" ind2="4">
   <subfield code="a">004.019</subfield>
   <subfield code="2">23</subfield>
  </datafield>
  <datafield tag="100" ind1="1" ind2=" ">
   <subfield code="a">Αβούρης, Νικόλαος.</subfield>
   <subfield code="8">2461</subfield>
  </datafield>
  <datafield tag="245" ind1="1" ind2="0">
   <subfield code="a">Εισαγωγή στην αλληλεπίδραση ανθρώπου-υπολογιστή</subfield>
   <subfield code="h">[Ηλεκτρονικός πόρος] </subfield>
   <subfield code="b">Σχεδιάζοντας διαδραστικές τεχνολογίες</subfield>
   <subfield code="c">Αβούρης, Νικόλαος ; Κατσάνος, Χρήστος ; Τσέλιος, Νικόλαος ; Μουστάκας, Κωνσταντίνος ; Κριτικός αναγνώστης,Τσιάτσος, Θρασύβουλος Κωνσταντίνος ; Τεχνική επιμέλεια,Ρίζου, Δήμητρα ; Γλωσσική επιμέλεια,Γιαννούτσου, Νικολέτα.</subfield>
  </datafield>
  <datafield tag="260" ind1=" " ind2=" ">
   <subfield code="a">Αθήνα :</subfield>
   <subfield code="b">Σύνδεσμος Ελληνικών Ακαδημαϊκών Βιβλιοθηκών,</subfield>
   <subfield code="c">c2015.</subfield>
  </datafield>
  <datafield tag="490" ind1=" " ind2=" ">
   <subfield code="a">Ακαδημαϊκά Ηλεκτρονικά Συγγράμματα και Βοηθήματα Κάλλιπος</subfield>
   <subfield code="8">40</subfield>
  </datafield>
  <datafield tag="505" ind1=" " ind2=" ">
   <subfield code="a">1. Εισαγωγή, επισκόπηση γνωστικής περιοχής επικοινωνίας ανθρώπου-υπολογιστή2. Ο άνθρωπος3. Αλληλεπίδραση4. Διαδραστικές συσκευές5. Στυλ αλληλεπίδρασης6. Αττική αλληλεπίδραση7. Μοντέλα και μέθοδοι σχεδίασης διαδραστικών συστημάτων8. Εργαλεία και μέθοδοι σχεδιασμού διαδραστικών συστημάτων9. Τεχνικές αξιολόγησης διαδραστικών συστημάτων10. Οικονομική αποτίμηση ευχρηστίας11. Πειραματικός σχεδιασμός και στατιστική ανάλυση για μέτρηση εμπειρίας χρήσης διαδραστικών συστημάτων12. Εισαγωγή στην αλληλεπίδραση ανθρώπου-υπολογιστή: οδηγός εργαστηριακών ασκήσεων</subfield>
  </datafield>
  <datafield tag="520" ind1=" " ind2=" ">
   <subfield code="a">Οι διαδραστικές τεχνολογίες έχουν διεισδύσει σε μεγάλο βαθμό στην καθημερινή μας ζωή. Η περιοχή της επιστήμης που είναι γνωστή ως Επικοινωνία Ανθρώπου-υπολογιστή (Human-computer interaction, HCI) έχει ως αντικείμενο την μελέτη το σχεδιασμό, ανάπτυξη και αξιολόγηση Διαδραστικών Υπολογιστικών Συστημάτων (interactive computer systems), δηλαδή συστημάτων που αλληλεπιδρούν σε μεγάλο βαθμό με τους χρήστες τους [ACM SIGCHI 1992]. Ο κύριος στόχος του ηλεκτρονικού αυτού συγγράμματος είναι η εισαγωγή του αναγνώστη στις βασικές έννοιες, τις μεθόδους, τους κανόνες, τις αρχές σχεδιασμού και τα εργαλεία της περιοχής αυτής που έχουν σκοπό να υποστηρίξουν τη σχεδίαση εύχρηστων διαδραστικών τεχνολογιών προσαρμοσμένων στις ανάγκες και τα χαρακτηριστικά των χρηστών τους.Η σημασία του γνωστικού αυτού αντικειμένου σήμερα είναι ιδιαίτερα μεγάλη λόγω της διάδοσης και των πολλαπλών χρήσεων των διαδραστικών τεχνολογιών όπως το διαδίκτυο και η πληθώρα των διαδικτυακών εφαρμογών και φορητών συσκευών με μεγάλη συνθετότητα αλλά και συστημάτων που ελέγχουν κρίσιμες λειτουργίες στη βιομηχανία, ιατρική ή στις μεταφορές. Στις περιπτώσεις αυτές η ευχρηστία του συστήματος, επιτρέπει στον χειριστή του να λαμβάνει γρήγορα και αποτελεσματικά αποφάσεις από τις οποίες εξαρτάται η ζωή και υγεία πολλών πολιτών. Η μελέτη της αλληλεπίδρασης ανθρώπου- υπολογιστή και η απόκτηση δεξιοτήτων που επιτρέπουν την αποτελεσματική σχεδίαση εύχρηστων διαδραστικών τεχνολογιών αποτελεί αντικείμενο του προτεινόμενου βιβλίου. Οι συγγραφείς έχουν εμπειρία πολλών χρόνων στο αντικείμενο και ο πρώτος εξ αυτών έχει συγγράψει το πιο παλιό και διαδεδομένο πανεπιστημιακό σύγγραμμα στο αντικείμενο αυτό που έχει σήμερα ζωή 15 χρόνων. Στη βελτιωμένη έκδοση του στηρίζεται το προτεινόμενο ηλεκτρονικό σύγγραμμα συνδράμουν νεώτεροι ερευνητές με ήδη σημαντική ερευνητική και διδακτική πείρα στο αντικείμενο στην Ελλάδα και το εξωτερικό. Το βιβλίο συνοδεύεται από υλικό εργαστηριακών ασκήσεων και θεμάτων ομαδικών εργασιών.</subfield>
  </datafield>
  <datafield tag="650" ind1=" " ind2="0">
   <subfield code="a">Human-computer interaction</subfield>
   <subfield code="8">2593</subfield>
  </datafield>
  <datafield tag="653" ind1=" " ind2=" ">
   <subfield code="a">Διαδραστικές τεχνολογίες</subfield>
  </datafield>
  <datafield tag="653" ind1=" " ind2=" ">
   <subfield code="a">Επιστήμη υπολογιστών/Πληροφορική</subfield>
  </datafield>
  <datafield tag="700" ind1="1" ind2=" ">
   <subfield code="a">Κατσάνος, Χρήστος</subfield>
   <subfield code="e">Συγγραφέας</subfield>
   <subfield code="8">2462</subfield>
  </datafield>
  <datafield tag="700" ind1="1" ind2=" ">
   <subfield code="a">Τσέλιος, Νικόλαος</subfield>
   <subfield code="e">Συγγραφέας</subfield>
   <subfield code="8">2463</subfield>
  </datafield>
  <datafield tag="700" ind1="1" ind2=" ">
   <subfield code="a">Μουστάκας, Κωνσταντίνος</subfield>
   <subfield code="e">Συγγραφέας</subfield>
   <subfield code="8">2464</subfield>
  </datafield>
  <datafield tag="700" ind1="1" ind2=" ">
   <subfield code="a">Τσιάτσος, Θρασύβουλος Κωνσταντίνος</subfield>
   <subfield code="e">Κριτικός αναγνώστης</subfield>
   <subfield code="8">2465</subfield>
  </datafield>
  <datafield tag="856" ind1="4" ind2="0">
   <subfield code="u">http://hdl.handle.net/11419/4213</subfield>
   <subfield code="z">Πλήρες Κείμενο - Full text</subfield>
  </datafield>
  <datafield tag="907" ind1=" " ind2=" ">
   <subfield code="a">.b25678711</subfield>
   <subfield code="b">12-06-18</subfield>
   <subfield code="c">29-07-16</subfield>
  </datafield>
  <datafield tag="949" ind1=" " ind2=" ">
   <subfield code="0">0</subfield>
   <subfield code="1">0</subfield>
   <subfield code="2">ddc</subfield>
   <subfield code="4">0</subfield>
   <subfield code="6">004_019000000000000_ΑΒΟ</subfield>
   <subfield code="7">0</subfield>
   <subfield code="8">KALL</subfield>
   <subfield code="8">630</subfield>
   <subfield code="d">2016-04-13</subfield>
   <subfield code="r">2016-04-13</subfield>
   <subfield code="w">2016-04-13</subfield>
   <subfield code="z">004.019 ΑΒΟ</subfield>
   <subfield code="o">SEAB KALLIPOS</subfield>
  </datafield>
  <datafield tag="998" ind1=" " ind2=" ">
   <subfield code="a">80</subfield>
   <subfield code="a">01</subfield>
   <subfield code="a">02</subfield>
   <subfield code="a">03</subfield>
   <subfield code="a">04</subfield>
   <subfield code="a">05</subfield>
   <subfield code="a">06</subfield>
   <subfield code="a">07</subfield>
   <subfield code="a">08</subfield>
   <subfield code="a">09</subfield>
   <subfield code="a">10</subfield>
   <subfield code="a">11</subfield>
   <subfield code="a">12</subfield>
   <subfield code="a">13</subfield>
   <subfield code="a">14</subfield>
   <subfield code="a">15</subfield>
   <subfield code="a">16</subfield>
   <subfield code="a">17</subfield>
   <subfield code="a">18</subfield>
   <subfield code="a">19</subfield>
   <subfield code="a">20</subfield>
   <subfield code="a">21</subfield>
   <subfield code="a">22</subfield>
   <subfield code="a">23</subfield>
   <subfield code="a">24</subfield>
   <subfield code="a">25</subfield>
   <subfield code="a">26</subfield>
   <subfield code="b">11-05-17</subfield>
   <subfield code="c">m</subfield>
   <subfield code="d">z  </subfield>
   <subfield code="e">-</subfield>
   <subfield code="f">gre</subfield>
   <subfield code="g">gr </subfield>
   <subfield code="h">0</subfield>
  </datafield>
  <datafield tag="942" ind1=" " ind2=" ">
   <subfield code="2">ddc</subfield>
   <subfield code="c">KALLIPOS</subfield>
  </datafield>
 </record>
</collection>
